000 00458nam a2200193Ia 4500
005 20240823012658.0
008 240823s9999||||xx |||||||||||||| ||und||
020 _a0-201-75043-0
041 _aENGLISH
082 _A005.4469 P2
100 _a"Bolante,Antony"
245 0 _aAdobe After Effects
250 _a1st
260 _c2002
_b"Peachpit,L"
500 _aTRANSFERED
650 _aWindows
_bComputer Applications
942 _cBK
999 _c165085
_d165085